Qué es la historia?

保存先:
書誌詳細
第一著者: Carr, Edward Hallett (著者)
フォーマット: 図書
言語:スペイン語
出版事項: La Habana De Ciencias Sociales 1970
主題:
タグ: タグ追加
タグなし, このレコードへの初めてのタグを付けませんか!

MARC

LEADER 00000nam a2200000 a 4500
001 UCP4299
003 CL-VaPUC
008 990724e19700000CU |||||||||||||||||spa|d
082 0 4 |a 901  |b CAR  |2 21 
100 0 |a Carr, Edward Hallett  |e author  |9 431754 
245 1 0 |a Qué es la historia? 
300 |a 236 p 
942 |c BK 
945 |d 19990724 00:00:00  |a lriquelm 
260 |a La Habana  |b De Ciencias Sociales  |c 1970 
650 0 |a Filosofía de la historia  |9 265651 
650 0 |a Historiador   |9 387849 
650 0 |a Sociedad  |9 307903 
650 0 |a Historia  |9 255047 
583 |a last modification  |c 19990724 00:00:00  |k Rodrigo Vera 
999 |c 282301  |d 282299 
952 |0 0  |1 0  |4 0  |6 901_000000000000000_CAR_1970  |7 0  |8 A  |9 323941  |a BIBHIS  |b BIBHIS  |d 2019-11-20  |i 1366475  |o 901 CAR 1970  |p 1366475  |r 2025-01-20  |w 2019-11-20  |y BK  |k HIS 
952 |0 0  |1 0  |4 0  |6 901_000000000000000_CAR_1970  |7 0  |8 A  |9 323942  |a BIBHIS  |b BIBHIS  |d 2019-11-20  |i 4746295  |o 901 CAR 1970  |p 4746295  |r 2025-01-20  |w 2019-11-20  |y BK  |k HIS